000 00584nam a2200229Ia 4500
003 OSt
005 20220924133537.0
006 a|||||r|||| 00| 0
007 ta
008 220923b |||||||| |||| 00| 0 urd d
024 _a266736
037 _cTextual
040 _aARTS
_cARTS
_burd
041 _2urd
_aurd
082 _aV2:1.M5, 168N05
100 _aIntzam Ullah Shahabi
_9206751
245 0 _aEast India aur baghi ulma
260 _c1905
650 _aHISTORY
942 _hV2:1.M5, 168N05
_cTEXL
_2CC
999 _c434203
_d434203